000
00264nam a2200109Ia 4500
008
220204s9999 xx 000 0 und d
082
_a
681.31
_b
ROW
245
0
_a
Choose your own computer
260
_a
London
_b
Sphere
_c
1984
700
_a
Rodwell, Peter
942
_c
BK
999
_c
39077
_d
39077